00000000nam##2200000za#4500
0019.601843
003CaOODSP
00520210624210253
007cr |||||||||||
008150406|1993||||xxc|||||o    f|0| 0 fre|d
040 |aCaOODSP|bfre
043 |an-cn---
0861 |aEn1-17/10-1993F-PDF
1101 |aCanada.|bEnvironnement Canada. |bSection Développement technologique.
24510|aSédiments contaminés. Guide pour l'évaluation et le choix des technologies de traitement des sédiments contaminés |h[ressource électronique]
260 |aMontréal - Québec : |bEnvironnement Canada. |cSeptembre 1993.
300 |a4p.|bfigure, tableau, photographies
4901 |aTechnologies Saint-Laurent
590 |a12-02-Supp|b2012-01-20
69107|aPollution des sols|2gcpds
77508|tContaminated sediment. Guide to assessing and selecting treatment technologies for contaminated sediment |w(CaOODSP)9.571216
7760#|tSédiments contaminés: guide pour l'évaluation et le choix des technologies de traitement des sédiments contaminés / |w(CaOODSP)9.622213
830#0|aTechnologies Saint-Laurent.|w(CaOODSP)9.500861
85640|ahttp://publications.gc.ca|qPDF|s446 Ko|uhttps://publications.gc.ca/collections/Collection/En1-17-10-1993F.pdf